Statistics for US Cities Quiz

Click here to take the quiz!

General Stats

  • This quiz has been taken 15 times
  • The average score is 101 of 307

Answer Stats

StateCity% Correct
GAAtlanta
100%
TXAustin
100%
MABoston
100%
ILChicago
100%
TXDallas
100%
CODenver
100%
MIDetroit
100%
TXHouston
100%
INIndianapolis
100%
CALos Angeles
100%
FLMiami
100%
NYNew York
100%
FLOrlando
100%
PAPhiladelphia
100%
AZPhoenix
100%
TXSan Antonio
100%
WASeattle
100%
DCWashington
100%
MSJackson
93%
FLJacksonville
93%
NVLas Vegas
93%
LANew Orleans
93%
ORPortland
93%
UTSalt Lake City
93%
CASan Francisco
93%
MDBaltimore
86%
NCCharlotte
86%
OHCleveland
86%
KS | MOKansas City
86%
WIMilwaukee
86%
MNMinneapolis
86%
TNNashville
86%
OKOklahoma City
86%
PAPittsburgh
86%
CA | VARichmond
86%
CASan Diego
86%
MOSt. Louis
86%
LABaton Rouge
79%
IDBoise
79%
OHCincinnati
79%
GA | OHColumbus
79%
IADes Moines
79%
TXEl Paso
79%
HIHonolulu
79%
NELincoln
79%
ARLittle Rock
79%
TNMemphis
79%
NCRaleigh
79%
CASan Jose
79%
MNSt. Paul
79%
FLTampa
79%
NMAlbuquerque
71%
ALBirmingham
71%
COColorado Springs
71%
TXFort Worth
71%
KYLouisville
71%
NJNewark
71%
NVReno
71%
CASacramento
71%
FLTallahassee
71%
OKTulsa
71%
OHAkron
64%
AKAnchorage
64%
NYBuffalo
64%
OHDayton
64%
CTHartford
64%
AZMesa
64%
NEOmaha
64%
IL | MA | MOSpringfield
64%
FLSt. Petersburg
64%
NYSyracuse
64%
OHToledo
64%
AZTucson
64%
GAAugusta
57%
SCCharleston
57%
MO | SCColumbia
57%
CAFresno
57%
WIMadison
57%
ALMontgomery
57%
CAOakland
57%
RIProvidence
57%
ORSalem
57%
VAVirginia Beach
57%
KSWichita
57%
CABakersfield
50%
NCGreensboro
50%
NJJersey City
50%
TNKnoxville
50%
MILansing
50%
CALong Beach
50%
GASavannah
50%
KSTopeka
50%
TXAmarillo
43%
CAAnaheim
43%
MTBillings
43%
CAConcord
43%
TXCorpus Christi
43%
NCDurham
43%
NDFargo
43%
INFort Wayne
43%
MIGrand Rapids
43%
NHManchester
43%
MN | NYRochester
43%
CASanta Ana
43%
NCWilmington
43%
CO | ILAurora
36%
TNChattanooga
36%
NCFayetteville
36%
FLFort Lauderdale
36%
WIGreen Bay
36%
KYLexington
36%
ALMobile
36%
UTProvo
36%
CASan Bernardino
36%
LAShreveport
36%
SDSioux Falls
36%
TXWaco
36%
PAAllentown
29%
MIAnn Arbor
29%
COBoulder
29%
CTBridgeport
29%
TXBrownsville
29%
OREugene
29%
GAMacon
29%
CARiverside
29%
WASpokane
29%
WAVancouver
29%
TXArlington
21%
GAAthens
21%
CABurbank
21%
IACedar Rapids
21%
NVHenderson
21%
TXLaredo
21%
TXMidland
21%
VANorfolk
21%
CAOntario
21%
AZ | ILPeoria
21%
TXPlano
21%
CASanta Rosa
21%
AZScottsdale
21%
CAStockton
21%
WATacoma
21%
NCWinston-Salem
21%
MAWorcester
21%
NYYonkers
21%
VAAlexandria
14%
WABellevue
14%
CABerkeley
14%
MACambridge
14%
NCCary
14%
CAChula Vista
14%
INEvansville
14%
COFort Collins
14%
CAFremont
14%
TXFrisco
14%
FLGainesville
14%
AZGilbert
14%
AZ | CAGlendale
14%
CAIrvine
14%
LALafayette
14%
NMLas Cruces
14%
TXLubbock
14%
ILNaperville
14%
VANewport News
14%
NVNorth Las Vegas
14%
TXOdessa
14%
CAOrange
14%
KSOverland Park
14%
CAOxnard
14%
CA | TXPasadena
14%
FLPort St. Lucie
14%
COPueblo
14%
CASanta Clara
14%
CASanta Clarita
14%
INSouth Bend
14%
AZTempe
14%
TXAbilene
7%
COArvada
7%
FLCape Coral
7%
AZChandler
7%
VAChesapeake
7%
TNClarksville
7%
TXCollege Station
7%
FLCoral Springs
7%
CACorona
7%
IADavenport
7%
CAElk Grove
7%
WAEverett
7%
CAFontana
7%
CAGarden Grove
7%
TXGarland
7%
TXGrand Prairie
7%
VAHampton
7%
CAHayward
7%
NCHigh Point
7%
ORHillsboro
7%
CAHuntington Beach
7%
ALHuntsville
7%
TXIrving
7%
ILJoliet
7%
CALancaster
7%
MALowell
7%
TXMcAllen
7%
TXMcKinney
7%
CAModesto
7%
CAMoreno Valley
7%
CTNew Haven
7%
OKNorman
7%
CAOceanside
7%
KSOlathe
7%
CAPalmdale
7%
NJPaterson
7%
FLPembroke Pines
7%
CASalinas
7%
CTStamford
7%
MISterling Heights
7%
CAVentura
7%
MIWarren
7%
FLWest Palm Beach
7%
CAAntioch
0%
TXBeaumont
0%
OKBroken Arrow
0%
CACarlsbad
0%
TXCarrollton
0%
COCentennial
0%
FLClearwater
0%
MIClinton
0%
CAClovis
0%
CACosta Mesa
0%
CADaly City
0%
FLDavie
0%
TXDenton
0%
CADowney
0%
NJEdison
0%
CAEl Cajon
0%
ILElgin
0%
NJElizabeth
0%
CAEl Monte
0%
CAEscondido
0%
CAFairfield
0%
CAFullerton
0%
COGreeley
0%
ORGresham
0%
FLHialeah
0%
FLHollywood
0%
MOIndependence
0%
CAInglewood
0%
CAJurupa Valley
0%
WAKent
0%
TXKilleen
0%
FLLakeland
0%
CO | NJLakewood
0%
TXLeague City
0%
TXLewisville
0%
TXMesquite
0%
FLMiami Gardens
0%
FLMiramar
0%
TNMurfreesboro
0%
CAMurrieta
0%
SCNorth Charleston
0%
CANorwalk
0%
FLPalm Bay
0%
TXPearland
0%
CAPomona
0%
FLPompano Beach
0%
CARancho Cucamonga
0%
WARenton
0%
CARialto
0%
TXRichardson
0%
ILRockville
0%
CARoseville
0%
TXRound Rock
0%
TXSan Angelo
0%
GASandy Springs
0%
CASan Mateo
0%
CASanta Maria
0%
CASimi Valley
0%
CASunnyvale
0%
AZSurprise
0%
CATemecula
0%
COThornton
0%
CAThousand Oaks
0%
CATorrance
0%
TXTyler
0%
CAVallejo
0%
CAVictorville
0%
CAVisalia
0%
CAVista
0%
CTWaterbury
0%
CAWest Covina
0%
UTWest Jordan
0%
COWestminster
0%
UTWest Valley City
0%
TXWichita Falls
0%
NJWoodbridge
0%

Score Distribution

Percentile by Number Answered

Percent of People with Each Score

Your Score History

You have not taken this quiz